Pensando amerindia : ensayos /
Guardado en:
| Autor Principal: | |
|---|---|
| Formato: | Libro |
| Publicado: |
Buenos Aires :
Nobuko,
2003
|
| Materias: | |
| Etiquetas: |
Agregar Etiqueta
Sin Etiquetas, Sea el primero en etiquetar este registro!
|
| LEADER | 02556nam a22002295a 4500 | ||
|---|---|---|---|
| 001 | CEM.cems013410 | ||
| 005 | 20100827132151.0 | ||
| 008 | 130507s2003##################000#0#####d | ||
| 003 | CEMS | ||
| 020 | |a 9872064121 | ||
| 082 | 0 | 4 | |a 709.02 |
| 100 | 1 | |a Sondereguer, César | |
| 245 | 1 | 0 | |a Pensando amerindia : |b ensayos / |c César Sondereguer |
| 260 | |a Buenos Aires : |b Nobuko, |c 2003 | ||
| 300 | |a 257 p. | ||
| 500 | |a Reflexiones sobre lo estético y la plástica, su mística y poesía inmanentes, su morfología como símbolo cósmico y su ética fáctica. | ||
| 505 | 0 | |a Tesis hermenéutica de la iconografía precolombina : investigación estética de la obra plástica -- Glosario estético amerindio -- Pensamiento amerindio, metafísico, socio-político, estético científico, práctico, comunicante, tipología de las ideas -- Pensamiento y estética en amerindia, magia, religión y política -- Fundamentos de la plástica amerindia, los mitos, la magia y la religión -- Paradigmas de la iconografía amerindia, análisis sistemático -- Crítica estética -- Análisis sistemático sintético -- Análisis sistemático ámplio -- Arte chamánico -- Pensamiento signal, ideográfico y escrito, comunicación y estética -- Dibujo amerindio -- Escultura amerindia -- Fundamentos y estética -- Los pensamientos involucrados -- Orígenes escultóricos -- Morfología estética -- Iconografía -- Escultura tallada -- Escultura modelada -- El plano, incisión, relieve y tallado modelado -- La tridimensión del bloque -- La tridimensión de la forma -- Escultura de metal -- Clasificación iconográfica -- Vocación escultórica -- Iconografía -- Mesoamérica -- Cultura olmeca -- Occidente de México -- Cultura zapoteca -- Cultura teotihuacana -- Cultura maya -- Culturas del Golfo y totonaca -- Cultura tolteca -- Cultura azteca -- Centroamérica -- Vertiente atlántica - Guanacaste -- Suramérica -- Cultura agustiniana -- Culturas valdivia, chorrera y la tolita -- Cultura chavín -- Cultura mochica -- Cultura tiwanakote -- Cultura inca -- Cultura tafí, alamito y condorhuasi -- Escultura de metal -- Arquitectura maya, intelectualidad y expresión -- Arquitectura inca, intelectualidad y expresión -- Comparación, arquitectura maya e inca -- Conclusiones: pensando amerindia -- Aforismos -- Amerindia pensamientos y creación -- Qué ha pasado en la Argentina? | |
| 653 | |a Historia del arte | ||
| 653 | |a Arte | ||
| 653 | |a Arte precolombino | ||
| 653 | |a América-arte de | ||
| 859 | |a CEMS |b BIB. CEMS - 11 de abril |h 709.02 |i So69 |p 23232.05 |t Ej.1 | ||
